| 000 | 00814cam a2200217 a 4500 | ||
|---|---|---|---|
| 001 | 000005769 | ||
| 005 | 20200929151757.0 | ||
| 008 | 761019s1966 uy 001 0 spa | ||
| 040 |
_aDO-SdBNP _cFJUNF _dDLC |
||
| 082 |
_aU868.2 _bB533e |
||
| 100 | 1 |
_aBerro, Bernardo Prudencio, _d1803-1868. _916334 |
|
| 245 | 1 | 0 |
_aEscritos selectos / _cBernardo Prudencio Berro ; prólogo, Juan E. Pivel Devoto. |
| 260 |
_aMontevideo, Uruguay : _bMinisterios de Instrucción Pública y Previsión Social, _c1966. |
||
| 300 |
_alvi, 350 p. ; _c20 cm. |
||
| 490 | 0 | _aBiblioteca Artigas. | |
| 490 | 0 |
_aClásicos uruguayos _v111. |
|
| 650 | 4 |
_aLiteratura uruguaya _93054 |
|
| 700 | 1 |
_aPivel Berro, Juan E., _epról. _916335 |
|
| 830 | 0 |
_aBiblioteca Artigas. _pClásicos uruguayos ; _v111. _916276 |
|
| 910 | _aCatalogación por copia / LC | ||
| 999 |
_c5565 _d5565 |
||